000 01064cam a2200253 4500
001 L129354
008 050414n2005 000 0 eng u
020 _a1860817432
035 _a(Sirsi) u129354
041 _aeng
050 _a695
_c18
100 _aHarrison, Harry
245 _aTiling and slating pitched roofs
_bdesign criteria, underlays and battens
260 _aWatford
_bBRE
_c2005
300 _a8p.
_c30cm.
350 _a12
490 _aBRE Good Building Guide
_v64 Part 1
520 _aThis three part guide deals with the upper surfaces of pitched tiled or slated roofing. Part one covers general principles applicable to all forms of tiling and slating, including weather resistance, underlays and thermal insulation. Parts two and three describe battening , nailing and product and material quality requirements for tiles and slates.
590 _aIKA150405
690 _aBUILT ENVIRONMENT-BUILDING MATERIALS
710 _aBuilding Research Establishment
710 _aUnited Kingdom
_bDepartment of Trade and Industry
942 _n0
999 _c104151
_d104151